| 000 | 00359nam a22001457a 4500 | ||
|---|---|---|---|
| 003 | OSt | ||
| 008 | 240501b |||||||| |||| 00| 0 eng d | ||
| 020 | _a9788195400928 | ||
| 082 | _a388.4 KUL | ||
| 100 | _aSRINIVASA KUMAR,R | ||
| 245 | _aIntelligent Transportation Systems | ||
| 260 |
_aNew Delhi _bUniversity Press _c2022 |
||
| 300 | _a138 | ||
| 942 |
_2ddc _cBK |
||
| 999 |
_c12588 _d12588 |
||